00633nam a22001577a 4500003000400000082001800004100001300022245013500035260004400170300000700214650005700221653005700278942001200335952011100347999001700458SGT a617.645bC23J aJyotsana aClinical Evaluation of the Maximum Bite force in single implant supported prosthesis versus natural dentitionbA Split mouth study aGurugram, HaryanabSGT Universityc2023 a61 aProsthodontics, Crown & Bridge and Oral Implantology aProsthodontics, Crown & Bridge and Oral Implantology 2ddccTH 00102ddc405171aFDbFDd2023-01-28iSGTUl0o617.645 C23JpDT1487r2023-01-28 00:00:00w2023-01-28yTH c23740d23740